000 00823nam a2200265Ia 4500
003 OSt
005 20221006160022.0
006 a|||||r|||| 00| 0
007 ta
008 221006b |||||||| |||| 00| 0 eng d
020 _a9781931907361
_c
_29.95
024 _a44,071
037 _bGift, Korean Embassy ( Window on Korea)
_cTextual
040 _aEASL
_cEASL
_beng
041 _2eng
_aeng
082 _aV495.N88, P6
100 _aChoi Jungwoon
_9671483
245 0 _aGwangju uprising
_bThe pivotal democratic movement that changed the History of modern Korea
260 _aParamus
_bHoma &Sekey Books
_c2006
300 _a326p.
_ccm.
490 _v KEL
650 _aKEL
942 _hV495.N88, P6
_cTEXL
_2CC
999 _c1112163
_d1112163